<?xml version="1.0" encoding="UTF-8"?>
<collection xmlns="http://www.loc.gov/MARC21/slim">
    <record>
        <controlfield tag="001">63633</controlfield>
        <controlfield tag="005">20171221155144.0</controlfield>
        <datafield tag="037" ind1=" " ind2=" ">
            <subfield code="a">TAZ-TFM-2017-1028</subfield>
        </datafield>
        <datafield tag="041" ind1=" " ind2=" ">
            <subfield code="a">spa</subfield>
        </datafield>
        <datafield tag="100" ind1="1" ind2=" ">
            <subfield code="a">Fernández Labrador, Clara María</subfield>
        </datafield>
        <datafield tag="242" ind1="0" ind2="0">
            <subfield code="a">Indoor 3D layout estimation from panoramic images</subfield>
        </datafield>
        <datafield tag="245" ind1="0" ind2="0">
            <subfield code="a">Estimación del layout 3D en interiores a partir de imágenes panorámicas</subfield>
        </datafield>
        <datafield tag="260" ind1=" " ind2=" ">
            <subfield code="a">Zaragoza</subfield>
            <subfield code="b">Universidad de Zaragoza</subfield>
            <subfield code="c">2017</subfield>
        </datafield>
        <datafield tag="506" ind1=" " ind2=" ">
            <subfield code="a">by-nc-sa</subfield>
            <subfield code="b">Creative Commons</subfield>
            <subfield code="c">3.0</subfield>
            <subfield code="u">http://creativecommons.org/licenses/by-nc-sa/3.0/</subfield>
        </datafield>
        <datafield tag="520" ind1=" " ind2=" ">
            <subfield code="a">En este trabajo se ha desarrollado un método de reconstrucción 3D de habitaciones a partir de una única imagen panorámica de 360 grados de campo de vista horizontal.  Este método tiene la principal novedad de combinar razonamientos geométricos de visión por computador y técnicas de aprendizaje profundo (Deep Learning) adaptadas a la geometría del tipo de imágenes que proponemos utilizar.  Nuestro método utiliza la extracción de esquinas estructurales como punto de partida para elaborar hipótesis sin información previa acerca de la forma de la habitación y con la única restricción de Mundo Manhattan. En particular, dichas esquinas se extraen como intersecciones entre líneas que son ortogonales en el espacio 3D. Este proceso se ha mejorado con el uso de una Red Neuronal Convolucional que detecta bordes estructurales y permite filtrar líneas pertenecientes a otros objetos no relevantes. A partir de estas posibles esquinas dibujamos hipótesis de diseño y escogemos aquella solución que encaja mejor con el mapa de normales obtenido con otro método de aprendizaje profundo.  En este trabajo se muestran resultados de reconstrucciones 3D con imágenes de la base de datos pública SUN360 usada por otros trabajos del estado del arte. Con ellos demostramos la efectividad del método con respecto a trabajos existentes y las ventajas de introducir redes neuronales profundas en el desarrollo del proceso.</subfield>
        </datafield>
        <datafield tag="521" ind1=" " ind2=" ">
            <subfield code="a">Máster Universitario en Ingeniería Industrial</subfield>
        </datafield>
        <datafield tag="540" ind1=" " ind2=" ">
            <subfield code="a">Derechos regulados por licencia Creative Commons</subfield>
        </datafield>
        <datafield tag="700" ind1=" " ind2=" ">
            <subfield code="a">Guerrero Campo, José Jesús</subfield>
            <subfield code="e">dir.</subfield>
        </datafield>
        <datafield tag="700" ind1=" " ind2=" ">
            <subfield code="a">Pérez Yus, Alejandro</subfield>
            <subfield code="e">dir.</subfield>
        </datafield>
        <datafield tag="710" ind1="2" ind2=" ">
            <subfield code="a">Universidad de Zaragoza</subfield>
            <subfield code="b">Informática e Ingeniería de Sistemas</subfield>
            <subfield code="c">Ingeniería de Sistemas y Automática</subfield>
        </datafield>
        <datafield tag="856" ind1="0" ind2=" ">
            <subfield code="f">646195@celes.unizar.es</subfield>
        </datafield>
        <datafield tag="856" ind1="4" ind2=" ">
            <subfield code="s">17035649</subfield>
            <subfield code="u">http://zaguan.unizar.es/record/63633/files/TAZ-TFM-2017-1028.pdf</subfield>
            <subfield code="y">Memoria (spa)</subfield>
        </datafield>
        <datafield tag="909" ind1="C" ind2="O">
            <subfield code="o">oai:zaguan.unizar.es:63633</subfield>
            <subfield code="p">driver</subfield>
            <subfield code="p">trabajos-fin-master</subfield>
        </datafield>
        <datafield tag="950" ind1=" " ind2=" ">
            <subfield code="a"></subfield>
        </datafield>
        <datafield tag="951" ind1=" " ind2=" ">
            <subfield code="a">deposita:2017-12-21</subfield>
        </datafield>
        <datafield tag="980" ind1=" " ind2=" ">
            <subfield code="a">TAZ</subfield>
            <subfield code="b">TFM</subfield>
            <subfield code="c">EINA</subfield>
        </datafield>
    </record>

    
</collection>